| 000 | 00737nam a22002537a 4500 | ||
|---|---|---|---|
| 003 | CHAP | ||
| 005 | 20220329140232.0 | ||
| 008 | 971013s1961 r 00010 d | ||
| 010 | _a48999 | ||
| 011 | _a49971 | ||
| 035 | _a54121 | ||
| 040 | _cCHAP | ||
| 090 | _aFolleto 183 | ||
| 110 |
_aVeracruz. Leyes, decretos, etc. _9175434 |
||
| 245 | _aLey de protección y fomento a la industria en el estado | ||
| 260 |
_aXalapa, Ver. : _bLeyes, decretos, etc., _c1961 |
||
| 300 | _a28 p. | ||
| 590 |
_aBATCH-UPD _b10 _c20130110 _lUCH01 _h0210 |
||
| 590 |
_aCONVERSION _b10 _c20130109 _lUCH01 _h1327 |
||
| 650 | 1 | 4 |
_aIndustria _zVeracruz. _957775 |
| 901 | _aBK | ||
| 942 | _cFOLL | ||
| 949 |
_aFolleto 183 _bBC _cFOLL _d-119593 _eTS1 _i54121 _mD _si |
||
| 999 |
_c48999 _d48999 |
||